000 01457nam a22003977a 4500
003 CHAP
005 20220817044234.0
008 081128s2005 mx a r 00010 spa d
010 _a95437
011 _a96409
020 _a9688386227
035 _a107062
040 _cCHAP
090 _aFolleto 17397
100 1 _aEsquivel Hernández, Gerardo.
_938158
245 1 0 _aCrecimiento económico, desarrollo humano y desigualdad regional en México 1950 - 2000
_c/por Gerardo Esquivel Hernández, Luis F. López Calva y Roberto Vélez Grajales
260 _aMéxico :
_bSEDESOL,
_c2005
300 _a29 p. :
_bgráfs.
490 0 _aDocumentos de investigación
_v; 27
590 _aBATCH-UPD
_b10
_c20130110
_lUCH01
_h0329
590 _aBATCH-UPD
_b10
_c20130110
_lUCH01
_h1717
590 _aBATCH-UPD
_b10
_c20130410
_lUCH01
_h0002
590 _aBATCH-UPD
_b10
_c20130410
_lUCH01
_h1629
590 _aBATCH-UPD
_b10
_c20130914
_lUCH01
_h1054
590 _aCONVERSION
_b10
_c20130109
_lUCH01
_h1353
650 1 4 _aCostos y nivel de vida
_zMéxico.
_928549
650 1 4 _aDesarrollo económico.
650 1 4 _aDesarrollo social
_zMéxico.
_932080
700 1 _aLópez Calva, Luis F.
_967732
700 1 _aVélez Grajales, Roberto.
_9120578
710 0 _aMéxico. Secretaría de Desarrollo Social.
830 0 _aDocumentos de investigación
_v; 27
901 _aBK
942 _cFOLL
949 _aFolleto 17397
_bBC
_cFOLL
_d33724002078470
_eTS1
_gDonaciØn
_i107062
_sb
999 _c95437
_d95437